Einstein's general theory of relativity : (Record no. 30383)
[ view plain ]
| 000 -LEADER | |
|---|---|
| fixed length control field | 01373 a2200181 4500 |
| 020 ## - INTERNATIONAL STANDARD BOOK NUMBER | |
| International Standard Book Number | 0387691995 (hardcover) |
| 020 ## - INTERNATIONAL STANDARD BOOK NUMBER | |
| International Standard Book Number | 9780387691992 (hardcover) |
| 090 ## - LOCALLY ASSIGNED LC-TYPE CALL NUMBER (OCLC); LOCAL CALL NUMBER (RLIN) | |
| -- | 1776 |
| -- | 1776 |
| 100 1# - MAIN ENTRY--PERSONAL NAME | |
| Personal name | Gron, Oyvind. |
| 245 10 - TITLE STATEMENT | |
| Title | Einstein's general theory of relativity : |
| Remainder of title | with modern applications in cosmology / |
| Statement of responsibility, etc. | Oyvind Gron, Sigbjorn Hervik. |
| 250 ## - EDITION STATEMENT | |
| Edition statement | 2007th ed. |
| 260 ## - PUBLICATION, DISTRIBUTION, ETC. | |
| Place of publication, distribution, etc. | [S.l.] : |
| Name of publisher, distributor, etc. | Springer, |
| Date of publication, distribution, etc. | 2007. |
| 300 ## - PHYSICAL DESCRIPTION | |
| Extent | 538 p. ; |
| Dimensions | 24 cm. |
| 520 ## - SUMMARY, ETC. | |
| Summary, etc. | This book introduces the general theory of relativity and includes applications to cosmology. The book provides a thorough introduction to tensor calculus and curved manifolds. After the necessary mathematical tools are introduced, the authors offer a thorough presentation of the theory of relativity. Also included are some advanced topics not previously covered by textbooks, including Kaluza-Klein theory, Israel's formalism and branes. Anisotropic cosmological models are also included. The book contains a large number of new exercises and examples, each with separate headings. The reader will benefit from an updated introduction to general relativity including the most recent developments in cosmology. |
| 700 1# - ADDED ENTRY--PERSONAL NAME | |
| Personal name | Hervik, Sigbjorn. |
| 942 ## - ADDED ENTRY ELEMENTS (KOHA) | |
| Institution code [OBSOLETE] | SNS |
| Koha item type | Book |
| Call number prefix | 530.11 GRO |
| Withdrawn status | Lost status | Damaged status | Not for loan | Permanent Location | Current Location | Date acquired | Total Checkouts | Full call number | Barcode | Date last seen | Date last checked out | Price effective from | Koha item type |
|---|---|---|---|---|---|---|---|---|---|---|---|---|---|
| School of Natural Sciences (SNS) | School of Natural Sciences (SNS) | 05/26/2016 | 1 | 530.11 GRO | SNS0002052 | 09/27/2017 | 06/03/2016 | 05/26/2016 | Book |
